000 01002cad a22002295a 4500
001 E147169
008 090408s2009 xxkdo f 000 0 eng d
035 _a(Sirsi) u147169
041 0 _aeng
050 0 4 _a333.33 $2 18
110 2 _aColliers CRE
_95075
245 0 0 _aWest of Scotland logistics and industrial
_bSpring review 2009
_h[electronic resource]
260 _aEdinburgh
_bColliers CRE
_c2009
490 0 _aColliers CRE West of Scotland Logistics and Industrial Review
_vSpring 2009
520 _aExamines rents, supply, demand and outlook for industrial property in the West of Scotland. Suggests that the current economic slowdown is starting to have an impact on industrial property in this area.
521 _aAdvanced
590 _aKA
651 4 _aScotland
_y1999-
690 _aPROPERTY-COMMERCIAL PROPERTY-COMMERCIAL PROPERTY MARKET
856 4 0 _uhttps://www.collierscre.com/marketReports/industrial.aspx#
_zView the report free of charge at www.collierscre.com...
942 _n0
999 _c109468
_d109468